| 000 | 00622nam a22002057a 4500 | ||
|---|---|---|---|
| 003 | OSt | ||
| 005 | 20140310182942.0 | ||
| 008 | 130204t xxu||||| |||| 00| 0 eng d | ||
| 020 | _a9789715425131 | ||
| 050 |
_aPN 4121 _bV719 2006 |
||
| 082 |
_aFIL 302.207 _bD367 2006 |
||
| 245 |
_aMind-body communication technique : _ban alternative way of learning and teaching confidence in public speaking / _cDel Villar, Carmencita P. |
||
| 260 |
_aQuezon City : _bUP Press _c 2006 |
||
| 300 |
_a174 p. _c 23 cm |
||
| 521 | _aCollege | ||
| 526 | _c1210L-1700L | ||
| 541 | _j1 | ||
| 562 | _e1 | ||
| 942 |
_2lcc _cBK _kFIL |
||
| 999 |
_c17753 _d17753 |
||